Prioritization, delegation, and assignment : Practice exercises for the NCLEX examination
Establishes your foundational knowledge and then provides exercises of increasing difficulty to help you build confidence in your prioritization, delegation, and patient assignment skills. This book offers preparation for the NCLEX Examination and effectively equips you to practice in fast-paced hea...
Na minha lista:
| Autor principal: | |
|---|---|
| Formato: | Livro |
| Idioma: | Undetermined |
| Publicado em: |
St. Louis, Missouri
Elsevier/Mosby
2013
|
| Assuntos: | |
| Tags: |
Adicionar Tag
Sem tags, seja o primeiro a adicionar uma tag!
|
| Thư viện lưu trữ: | Trung tâm Học liệu Trường Đại học Cần Thơ |
|---|
| LEADER | 01048nam a2200205Ia 4500 | ||
|---|---|---|---|
| 001 | CTU_231393 | ||
| 008 | 210402s9999 xx 000 0 und d | ||
| 082 | |a 610.73076 | ||
| 082 | |b L133 | ||
| 100 | |a LaCharity, Linda A. | ||
| 245 | 0 | |a Prioritization, delegation, and assignment : | |
| 245 | 0 | |b Practice exercises for the NCLEX examination | |
| 245 | 0 | |c Linda A. LaCharity, Candice K. Kumagai, Barbara Bartz ; with an introduction by Ruth Hansten | |
| 260 | |a St. Louis, Missouri | ||
| 260 | |b Elsevier/Mosby | ||
| 260 | |c 2013 | ||
| 520 | |a Establishes your foundational knowledge and then provides exercises of increasing difficulty to help you build confidence in your prioritization, delegation, and patient assignment skills. This book offers preparation for the NCLEX Examination and effectively equips you to practice in fast-paced healthcare environment. | ||
| 650 | |a Chăm sóc điều dưỡng,Vai trò của y tá,Nursing care,Nurse's Role | ||
| 910 | |b vtbtruc | ||
| 980 | |a Trung tâm Học liệu Trường Đại học Cần Thơ | ||